000 01323cgm a2200265 4500
008 090401t1995 xxu||||| |||| 00| 0 eng d
020 _a1899769153
035 _a(Sirsi) u52426
041 _aeng
050 _a658.404
_c18
100 _aWaterhouse, Roger
245 2 _aA guide to project management
_ba CPD study pack
250 _a2nd ed.
260 _aReading
_bCollege of Estate Management
_c1995
300 _av, 50p.
_c30cm. + 1 audio cassette (ca. 60 min.)
350 _a34.5
490 _aCollege of Estate Management CPD Study Pack
520 _aThe purpose of this pack is to provide a basic understanding of project management in the property and construction industry. It identifies typical problems that the project manager is likely to experience in practice and offers some possible solutions to these problems. The pack is primarily intended for building, quantity and general practice surveyors as well as members of the Chartered Institute of Building.
520 _aAccompanied by Owlion Audio Programme entitled "Project management" (B3199), which is also available to borrow separately.
520 _aSuperseded by "Project management 2000" (ISBN 1899769072).
690 _aProject management
_96261
710 _aCollege of Estate Management
_9400
942 _n0
948 _c04/03/1997
999 _c85258
_d85258